Most populated catalan cities - Statistics

General Stats
  • This quiz has been taken 29 times
  • The average score is 10 of 15
Answer Stats
population City % Correct
1.655.956 Barcelona
100%
104.038 Girona
96%
276.617 L'Hospitalet de Llobregat
93%
138.326 Tarragona
93%
224.301 Badalona
85%
142.990 Lleida
70%
225.274 Terrassa
70%
217.968 Sabadell
67%
108.535 Reus
52%
97.579 Sant Cugat del Vallès
48%
129.613 Mataró
44%
90.076 Cornellà de Llobregat
41%
83.667 Sant Boi de Llobregat
37%
80.034 Rubí
30%
119.195 Santa coloma de gramanet
30%
No matching quizzes found
Score Distribution
Percent of People with Each Score
Percentile by Number Answered
Your Score History
You have not taken this quiz